000 01048nam a2200265Ia 4500
008 130821s2009 ck ab gr spa
020 _a9789589285916
040 _aCo-BoUCM
_bspa
041 0 0 _aspa
100 1 _aAraujo Muñoz, Gonzalo
_9168450
245 1 0 _aComportamiento electoral de las fuerzas políticas en Colombia una mirada transversal 1991-2007
_cGonzalo Araujo Muñoz
260 _aBogotá (Colombia)
_bFundación Konrad Adenauer
_c2009
300 _a175 páginas
_bilustraciones, mapas, gráficas
490 0 _aDebate político
_v40
504 _aIncluye referencias bibliográficas e índice.
650 0 4 _aElecciones
_zColombia
_927482
650 0 4 _aPartidos políticos
_97900
650 0 4 _aPartidos políticos
_zColombia
_937930
650 0 4 _aSufragios
_zColombia
_924929
651 1 4 _aColombia
_xPolítica y gobierno
_926608
710 2 _aCorporación Pensamiento Siglo XXI
_930657
710 2 _aFundación Konrad Adenauer
_951300
942 _cLIBRO
_a5
_e1
_mA663c
_2DEWEY
_h324.9861
999 _c73112
_d73112